000
00228nam a2200097Ia 4500
001
681414
005
20250826161359.0
008
250824s9999 xx 000 0 und d
245
0
_a
GORİOT BABA
_c
BALZAC
260
_b
MARTI YAYINCILIK
999
_c
681414
_d
681414